000 00444nam a2200157Ia 4500
008 231217s9999 xx 000 0 und d
020 _a8189333003
041 _aEnglish
082 _a658.3125 KAM1;1 R
100 _aKambhammettu, Shyam Sunder.
245 0 _aBusiness performance measurement : an introduction
260 _c2005
_bIcfai
_aHyderabad
300 _aviii, 262+A7
650 _aBusiness,performance,measurement
942 _cAA
999 _c188848
_d188848